000 00466nam a2200181Ia 4500
001 22422
005 20260414150830.0
008 260414t2012||||xx |||||||||||||| ||spa||
041 _aESP
082 _a621.381
_bP45P
100 _aPérez García, Miguel Ángel
_eAUT
245 0 _aInstrumentación electrónica :
_b230 problemas resueltos
260 _c2012
300 _a427 páginas :
_c26 cm.
650 _aTCA
654 _aCET
942 _cLIB
_dJUS
_fJUS
_2ddc
_n
999 _c22422
_d22422